40 rokov socialistického vnútorného obchodu na Slovensku
Na minha lista:
| Autor principal: | |
|---|---|
| Outros Autores: | , , , , , , , , , , , , , , , , |
| Formato: | Livro |
| Idioma: | eslovaco |
| Publicado em: |
Bratislava
ERPO
1988
|
| Assuntos: | |
| Tags: |
Sem tags, seja o primeiro a adicionar uma tag!
|
MARC
| LEADER | 00000nam$a2200000$$$4500 | ||
|---|---|---|---|
| 001 | 0091617 | ||
| 005 | 20240502072025.1 | ||
| 041 | 0 | |a slo | |
| 044 | |a SK | ||
| 245 | 1 | 0 | |a 40 rokov socialistického vnútorného obchodu na Slovensku |c Ladislav Rendoš a kol. |
| 264 | 1 | |a Bratislava |b ERPO |c 1988 | |
| 300 | |a 161 s. | ||
| 610 | 2 | 0 | |a obchod vnútorný |
| 610 | 2 | 0 | |a Slovensko |
| 100 | 1 | |a Rendoš, Ladislav | |
| 700 | 1 | |a Sloboda, Štefan | |
| 700 | 1 | |a Šťastný, Ladislav | |
| 700 | 1 | |a Nináčová, Valéria | |
| 700 | 1 | |a Vávra, Viktor | |
| 700 | 1 | |a Novacká, Ľudmila, 1953- | |
| 700 | 1 | |a Ševčík, Ľuboš | |
| 700 | 1 | |a Titičová, Bibiana | |
| 700 | 1 | |a Benešová, Dana, 1958- | |
| 700 | 1 | |a Galica, Ivan | |
| 700 | 1 | |a Konštiak, Pavol | |
| 700 | 1 | |a Čabala, Július | |
| 700 | 1 | |a Beňačka, Ivan | |
| 700 | 1 | |a Andris, Mikuláš | |
| 700 | 1 | |a Prívracký, Jozef | |
| 700 | 1 | |a Cesnek, Jozef | |
| 700 | 1 | |a Pernica, Karel | |
| 700 | 1 | |a Pachinger, Karol | |